000 00749nam a2200253Ia 4500
003 OSt
005 20220925223046.0
006 a|||||r|||| 00| 0
007 ta
008 220923b |||||||| |||| 00| 0 eng d
037 _cGeneral Book
040 _aRTL
_cRTL
_beng
041 _2eng
_aeng
082 _aY9(Z), N6
100 _aHarris Olivia Ed.
_9288865
245 0 _aInside and outside the law
_b Anthropological studie
260 _aLondon
_bRoutledge
_c1996
300 _aix, 218p
_ccm.
490 _aEuropean Association of Social Anthropologists
500 _aBibliography chapterwise
650 _aSociology of Law
_9230017
942 _hY9(Z), N6
_cGB
_2CC
999 _c578525
_d578525